| 000 | 00397 a2200157 4500 | ||
|---|---|---|---|
| 001 | 170654 | ||
| 020 | _a | ||
| 040 | _cMagnum | ||
| 100 | _aMachado, Nilson Jose | ||
| 240 | 1 | 0 |
_aVivendo a matematica/semelhanca nao e mera coincidencia _lpor |
| 245 | 1 | 0 | _aVivendo a matematica/semelhanca nao e mera coincidencia |
| 362 | 0 | _a1899 | |
| 440 | 1 | _aScipione | |
| 697 | _aPARADIDATICO | ||
| 942 | _cBK | ||
| 999 |
_c170654 _d170654 |
||